2018 FIFA WM-Fußballspieler - Bildquiz - Statistiken

Allgemein
  • Dieses Quiz wurde 3.509 mal gespielt
  • Das Durchschnittsergebnis liegt bei 19 aus 21
Antwortstatistiken
Bildquiz Antwort % Korrekt
Mesut Özil
99%
Robert Lewandowski
99%
Kylian Mbappe
98%
Timo Werner
97%
Luis Suarez
95%
Kevin de Bruyne
94%
Son Heung-min
94%
Andres Iniesta
92%
N'Golo Kanté
92%
David de Gea
91%
Gerard Piqué
90%
Marc-André ter Stegen
89%
James Rodriguez
88%
Paulo Dybala
87%
Raheem Sterling
87%
Thiago Silva
87%
Isco
83%
Sergio Agüero
83%
Ivan Rakitić
82%
Philippe Coutinho
82%
Christian Eriksen
75%
Keine übereinstimmenden Quizze gefunden
Verteilung der Resultate
Anzahl Personen mit jedem Resultat
Perzentil nach korrekt beantworteten Fragen
Ihre Resultats-Entwicklung
Sie haben dieses Quiz noch nicht gespielt